Classification statistique internationale des maladies et des problèmes de santé connexes: T2

Đã lưu trong:
书目详细资料
格式: 图书
语言:Undetermined
出版: Genève OMS 1995
主题:
标签: 添加标签
没有标签, 成为第一个标记此记录!
Thư viện lưu trữ: Trung tâm Học liệu Trường Đại học Cần Thơ
LEADER 00494nam a2200157Ia 4500
001 CTU_19798
008 210402s9999 xx 000 0 und d
082 |a 614.0212 
082 |b C573 
245 0 |a Classification statistique internationale des maladies et des problèmes de santé connexes: T2 
260 |a Genève 
260 |b OMS 
260 |c 1995 
650 |a medical research 
904 |i Nguyễn Quang Điền, 960601 
980 |a Trung tâm Học liệu Trường Đại học Cần Thơ